Applied physics / (رقم التسجيلة. 30503)
[ عرض عادي ]
| 000 -الفاتح | |
|---|---|
| حقل البيانات ثابتة الطول | 00893cam a2200289Ia 4500 |
| 001 - رقم الضبط | |
| رقم الضبط | 754699289 |
| 003 - محدد رقم الضبط | |
| رقم الضبط | OCoLC |
| 005 - وقت وتاريخ اخر تعامل مع التسجيلة | |
| رقم الضبط | 20150408114138.0 |
| 008 - عناصر البيانات ثابتة الطول - معلومات عامة | |
| حقل البيانات ثابتة الطول | 110921s2012 nyu 001 0 eng |
| 020 ## - الرقم الدولى المعيارى للكتب | |
| الرقم الدولى المعيارى للكتاب | 9780071611572 |
| 020 ## - الرقم الدولى المعيارى للكتب | |
| الرقم الدولى المعيارى للكتاب | 0071779779 (pbk : alk. paper) |
| 035 ## - رقم ضبط النظام | |
| رقم ضبط النظام | (OCoLC)754699289 |
| 040 ## - مصدر الفهرسة | |
| وكالة الفهرسة الأصلية | Ma-Un |
| لغة الفهرسة | eng |
| 050 00 - رقم طلب مكتبة الكونجرس | |
| رقم التصنيف | QC31 |
| رقم المادة | .B35 2003 |
| 082 ## - رقم تصنيف ديوى العشرى | |
| رقم الطبعة | 23 |
| رقم التصنيف | 530 |
| 100 1# - المدخل الرئيسى - إسم شخصى | |
| الإسم الشخصى | Beiser, Arthur. |
| 9 (RLIN) | 36595 |
| 245 10 - بيان العنوان | |
| العنوان | Applied physics / |
| بيان المسئوليه,etc | Arthur Beiser ; abridgement editor George J. Hademenos. |
| 260 ## - PUBLICATION, DISTRIBUTION, ETC. (IMPRINT) | |
| مكان الناشر او الموزع | New York : |
| اسم الناشر او الموزع | McGraw Hill, |
| تاريخ النشر أو التوزيع | 2012. |
| 300 ## - الوصف المادى | |
| التعداد | v, 138 p. : |
| تفاصيل ماديه اخرى للوعاء | ill. ; |
| أبعاد الوعاء | 22 cm. |
| 490 1# - بيان السلسلة | |
| عنوان السلسلة | Schaum's easy outlines. |
| 500 ## - تبصرة عامة | |
| تبصرة عامة | Incudes index. |
| 650 #0 - المدخل الاضافى بالموضوع-مصطلح موضوعى | |
| مصطلح موضوعي أو اسم جغرافي كعنصر مدخل | Physics |
| التقسيم الفرعي الشكلي | Outlines, syllabi, etc. |
| 650 #0 - المدخل الاضافى بالموضوع-مصطلح موضوعى | |
| مصطلح موضوعي أو اسم جغرافي كعنصر مدخل | Physics |
| التقسيم الفرعي الشكلي | Problems, exercises, etc. |
| 650 #0 - المدخل الاضافى بالموضوع-مصطلح موضوعى | |
| مصطلح موضوعي أو اسم جغرافي كعنصر مدخل | Physics |
| التقسيم الفرعي العام | Examinations |
| التقسيم الفرعي الشكلي | Study guides. |
| 9 (RLIN) | 36596 |
| 700 1# - المدخل الاضافى - اسم شخصى | |
| الإسم الشخصى | Hademenos, George J. |
| 9 (RLIN) | 4661 |
| 942 ## - عناصر المدخل الإضافي( كوها) | |
| مصدر التصنيف او مخطط الترفيف | Dewey Decimal Classification |
| Koha [default] item type | كتاب |
| حالة الفقد | نموذج السعر الفعال | حالة تلف | ليس للاعارة | رقم الطلب | رقم النسخة | تاريخ الاكتساب | الموقع الحالي | الباركود | الفرع الرئيسي | Date last seen | نوع المادة فى نظام كوها | مصدر التصنيف او خطة الترفيف | Total Checkouts | Date last checked out | Total Renewals |
|---|---|---|---|---|---|---|---|---|---|---|---|---|---|---|---|
| 2013-08-16 | Not For Loan | 530 BAA | 1 | 2013-08-16 | المكتبة المركزية بالمجمعة (CL) | 00450451 | المكتبة المركزية بالمجمعة (CL) | 2013-08-16 | كتاب | Dewey Decimal Classification | |||||
| 2013-08-16 | 530 BAA | 2 | 2013-08-16 | المكتبة المركزية بالمجمعة (CL) | 00450452 | المكتبة المركزية بالمجمعة (CL) | 2016-11-27 | كتاب | Dewey Decimal Classification | 2 | 2016-09-04 | ||||
| 2013-08-16 | 530 BAA | 3 | 2013-08-16 | المكتبة المركزية بالمجمعة (CL) | 00450453 | المكتبة المركزية بالمجمعة (CL) | 2017-01-23 | كتاب | Dewey Decimal Classification | 3 | 2016-11-27 | 2 | |||
| 2013-08-24 | 530 BAA | 3 | 2013-08-24 | مكتبة كلية التربية بالزلفى - طالبات (EZF) | 00450454 | مكتبة مجمع الكليات بالزلفى - طلاب (SZM) | 2015-11-23 | كتاب | Dewey Decimal Classification | 2 | 2015-10-11 | ||||
| 2013-08-16 | 530 BAA | 1 | 2013-08-16 | مكتبة مجمع الكليات بالزلفى - طلاب (SZM) | 00450450 | مكتبة مجمع الكليات بالزلفى - طلاب (SZM) | 2015-10-13 | كتاب | Dewey Decimal Classification | 1 | 2015-10-12 | ||||
| 2013-08-16 | Not For Loan | 530 BAA | 2 | 2013-08-16 | مكتبة مجمع الكليات بالزلفى - طلاب (SZM) | 00450449 | مكتبة مجمع الكليات بالزلفى - طلاب (SZM) | 2015-05-31 | كتاب | Dewey Decimal Classification | 1 | 2015-04-14 |
